Stany w Brazylii w 30 sekund - Statystyki

Ogólne statystyki
  • Ten quiz został rozwiązany 10 razy
  • Średni wynik to 12 z 27
Odpowiedzi na mapie
Odpowiedzi zakodowano w zielono-czerwonej skali na mapie do tego quizu, zgodnie z poniższymi procentami.
 
Statystyki odpowiedzi
Stan % Poprawnych
Acre
100%
Amazonas
100%
Roraima
100%
Amapá
67%
Goiás
67%
Mato Grosso
67%
Pará
67%
Paraná
67%
Rondônia
67%
Tocantins
67%
Alagoas
33%
Ceará
33%
Espírito Santo
33%
Mato Grosso do Sul
33%
Minas Gerais
33%
Paraíba
33%
Pernambuco
33%
Piauí
33%
Rio de Janeiro
33%
Rio Grande do Sul
33%
Santa Catarina
33%
São Paulo
33%
Bahia
0%
Dystrykt Federalny
0%
Maranhão
0%
Rio Grande do Norte
0%
Sergipe
0%
Nie znaleziono quizów pasujących do podanych kryteriów
Rozkład punktacji
Procent ludzi z każdym wynikiem
Percentyl według liczby udzielonych odpowiedzi
Twoja historia wyników
Nie rozwiązałeś tego quizu